000 01426cam a2200433 a 4500
001 89894
005 20230410132804.0
008 950209s1995 paua b 001 0 eng
010 _a 94061382
035 _a(OCoLC)ocm32133329
040 _aDLC
_cDLC
_dBAKER
_dBTCTA
_dYDXCP
_dZWZ
020 _a0030948657
020 _a9780030948657
029 1 _aYDXCP
_b17005
029 1 _aAU@
_b000011511972
029 1 _aZWZ
_b023066652
035 _a(OCoLC)32133329
050 1 4 _aQH 308.2
_bS689w 1995
082 0 0 _a574
049 _aGRAL
100 1 _aSolomon, Eldra Pearl.
245 1 4 _aThe world of biology /
_cEldra Pearl Solomon, Linda R. Berg.
250 _a5a ed.
260 _aPhiladelphia :
_bSaunders College Pub.,
_c1995.
300 _axx, 1005, [61] p. :
_bchiefly col. ill. ;
_c29 cm.
500 _aRev. ed. of: The world of biology / P. William Davis, Eldra Pearl Solomon, Linda R. Berg. 4th ed. c1990.
504 _aIncludes bibliographical references and index.
650 0 _aBiology.
650 4 _aBiologĂ­a
650 7 _aBiologie
_xManuels d'enseignement.
_2ram
700 1 _aBerg, Linda R.
700 1 _aDavis, P. William.
_tWorld of biology.
938 _aBaker & Taylor
_bBKTY
_c133.95
_d133.95
_i0030948657
_n0002920291
_sactive
938 _aBaker and Taylor
_bBTCP
_n94061382
938 _aYBP Library Services
_bYANK
_n17005
942 _2lcc
_cbk
946 _accruz
994 _aC0
_bDRFGD
999 _c87781
_d87781